| 000 | 00756nam a2200229Ia 4500 | ||
|---|---|---|---|
| 008 | 191130s2001##################000#0#eng## | ||
| 020 | _a9780805831641 | ||
| 022 | _a44235 | ||
| 040 |
_aACL _cACL |
||
| 082 | _a302 HAL | ||
| 245 |
_aInterpersonal sensitivity : theory and measurement _cedited by Judith A. Hall, Frank J. Bernieri |
||
| 260 |
_aMahwah, NJ _bL. Erlbaum Associates _c2001 |
||
| 300 | _axiv, 378 p. : ill. ; 24 cm | ||
| 500 | _aIncludes bibliographical references and indexes | ||
| 650 | _aInterpersonal relations - Research | ||
| 650 | _aSensitivity (Personality trait) - Research | ||
| 700 | _aBernieri, Frank J | ||
| 700 | _aHall, Judith A | ||
| 990 | _ac8670fd3ac10000c769d4baa88c49c80 | ||
| 991 | _a232697 | ||
| 999 |
_c218613 _d218613 |
||